Vplyv prijatia Eura na malé a stredné podniky na Slovensku diplomová práca

Gespeichert in:
Bibliographische Detailangaben
1. Verfasser: Bereczová, Ľubomíra
Körperschaft: Obchodná fakulta EU. Katedra marketingu
Weitere Verfasser: Pavlík, Adrián
Format: Buch
Sprache:Slowakisch
Veröffentlicht: Bratislava 2008
Tags: Tag hinzufügen
Keine Tags, Fügen Sie das erste Tag hinzu!

MARC

LEADER 00000nam$a2200000$$$4500
001 0087867
005 20240201120713.3
041 0 |a slo 
044 |a SK 
245 1 0 |a Vplyv prijatia Eura na malé a stredné podniky na Slovensku  |b diplomová práca  |c Ľubomíra Bereczová ; škol. Adrián Pavlík 
264 1 |a Bratislava  |c 2008 
300 |a 96 s. 
100 1 |a Bereczová, Ľubomíra 
700 1 |a Pavlík, Adrián 
710 2 |a Obchodná fakulta EU. Katedra marketingu